Waste management businesses and WEEE (Record no. 69201)

MARC details
000 -LEADER
fixed length control field 00837cam a2200181 4500
001 - CONTROL NUMBER
control field WB3801-54
008 - FIXED-LENGTH DATA ELEMENTS--GENERAL INFORMATION
fixed length control field 020108n2002 000 0 eng u
035 ## - SYSTEM CONTROL NUMBER
System control number (Sirsi) u116172
245 ## - TITLE STATEMENT
Title Waste management businesses and WEEE
260 ## - PUBLICATION, DISTRIBUTION, ETC.
Date of publication, distribution, etc. 2002
490 ## - SERIES STATEMENT
Series statement ENDS Report
Volume/sequential designation (323) December 2001, 17-18(2)
520 ## - SUMMARY, ETC.
Summary, etc. The EU Directive on waste electrical and electronic equipment (WEEE) is likely to be formally adopted in 2002. Member States will be required to establish collection systems and associated financing arrangements. Considers the first indications of how waste management businesses are likely to respond to the Directive.
590 ## - LOCAL NOTE (RLIN)
Local note WB
650 ## - SUBJECT ADDED ENTRY--TOPICAL TERM
Topical term or geographic name entry element WASTE ELECTRICAL AND ELECTRONIC EQUIPMENT REGULATIONS
650 ## - SUBJECT ADDED ENTRY--TOPICAL TERM
Topical term or geographic name entry element EU DIRECTIVE
690 ## - LOCAL SUBJECT ADDED ENTRY--TOPICAL TERM (OCLC, RLIN)
Topical term or geographic name as entry element ENVIRONMENTAL AND LAND CONSULTANCY-WASTE MANAGEMENT
942 ## - ADDED ENTRY ELEMENTS (KOHA)
Suppress in OPAC 0
Holdings
Withdrawn status Lost status Source of classification or shelving scheme Damaged status Not for loan Home library Current library Shelving location Date acquired Total Checkouts Full call number Barcode Date last seen Copy number Price effective from Koha item type
    Dewey Decimal Classification     London London News article 08/01/2002   WB3801-54 116172-1001 06/08/2019 1 06/08/2019 News article